Christianity, past and present.

Bibliographic Details
Main Author: Willey, Basil, 1897-1978
Format: Book
Language:English
Published: Cambridge [England] : University Press, 1952.
Subjects:

MARC

Tag First Indicator Second Indicator Subfields
LEADER 00000cam a2200000 4500
001 in00000038390
005 20151007081019.0
008 720818s19521952 eng u
010 |a  52008826  
035 |a (OCoLC)00385042 
035 |9 AAF5742AM 
040 |c WSU  |d TXA  |d UtOrBLW 
049 |a TXAM  |c [208254] 
050 0 |a BT1101  |b .W548 
092 |a 239  |b W714c 
100 1 |a Willey, Basil,  |d 1897-1978. 
245 1 0 |a Christianity, past and present. 
264 1 |a Cambridge [England] :  |b University Press,  |c 1952. 
300 |a 150 pages 
336 |a text  |b txt  |2 rdacontent 
337 |a unmediated  |b n  |2 rdamedia 
338 |a volume  |b nc  |2 rdacarrier 
650 0 |a Apologetics  |x History  |y 20th century. 
999 |a MARS 
999 f f |s 55635c73-9e8d-3ab1-8d7b-d101a2f387b8  |i 161b6a66-a8fe-39ce-af57-0de2362a458b  |t 0 
952 f f |p ric  |a Texas A&M University  |b Rellis Campus  |c Joint Library Facility  |d Remote Storage  |t 0  |e BT1101 .W548  |h Library of Congress classification  |i unmediated -- volume  |m A14800609500 
998 f f |a BT1101 .W548  |t 0  |l Remote Storage